000 00753nam a2200289Ia 4500
005 20260324122226.0
008 008 260324s9999 xx 000 0 eng d
020 _a9781315598154
037 _aEBOOK
040 _aCRL
040 _beng
040 _cCRL
041 _2eng
041 _aeng
084 _qCRL
100 _aTorgeir K. Haavik
_91165614
245 0 _aNew Tools, Old Tasks
245 0 _bSafety Implications of New Technologies and Work Processes for Integrated Operations in the Petroleum Industry
260 _bTaylor and Francis
260 _c2013
365 _a
365 _b340
856 _uhttp://www.taylorfrancis.com/books/9781315598154
942 _cEBOOK
999 _c1758185
_d1758185